| 000 | 00367nam a2200157Ia 4500 | ||
|---|---|---|---|
| 003 | OSt | ||
| 005 | 20240217130601.0 | ||
| 008 | 170524s9999 xx 000 0 und d | ||
| 020 | _a978-0471137726 | ||
| 040 | _cIIMT UNIVERSTY MEERUT | ||
| 100 | _aCohen Daniel IA | ||
| 245 | 0 | _aIntroduction to Computer Theory | |
| 260 | _bWiley | ||
| 260 | _c2007 | ||
| 942 |
_2ddc _c02 |
||
| 999 |
_c4736 _d4736 |
||